000 00295 a2200121 4500
000 nam a22 7a 4500
005 20260220051703.0
020 _a9788119989140
100 _aRahul Sankrityayan
_91116334
245 _aMadhur Swapna
260 _bRadhakrishna Prakashan
_c2024
942 _cTEXL
999 _c1679998
_d1679998